Quick Pick: John Steinbeck Books Quiz Stats

 Plays Quiz Updated May 17, 2016

Score 0/8 Timer 00:30
0 Plays Today
% Correct
Wrath
96.9%
East
94.3%
Charley
88.4%
Village
77.6%
Pony
70%
Bright
67.9%
Thursday
59.6%
Bus
54.1%

Today's Daily Dose

You're not logged in!

Compare scores with friends on all Sporcle quizzes.
OR
Log In

You Might Also Like...

Show Comments

Extras

Top Quizzes Today


Score Distribution

Your Account Isn't Verified!

In order to create a playlist on Sporcle, you need to verify the email address you used during registration. Go to your Sporcle Settings to finish the process.

Report this User

Report this user for behavior that violates our Community Guidelines.

Details: